000
00282nam a22001217a 4500
008
170330b xxu||||| |||| 00| 0 eng d
041
_a
eng
080
_2
4ED
_a
616-053.2
100
_a
8
101
_a
SHM
245
_a
PHYSIATRIC EXAMINATION OF CHILDREN
_c
SIMONS.J.E
942
_2
udc
_c
BK
999
_c
9071
_d
9071